000 00352nam a22001457a 4500
008 230404b ||||| |||| 00| 0 eng d
020 _a9781416001560
041 _aeng
080 _a610.73
082 _a610.73McK
100 _a7
101 _aINFER
245 _aACUTE AND CRITICAL CARE CLINICAL NURSE SPECIALISTS
_cMcKINLEY.G.M
942 _2udc
_cBK
999 _c59495
_d59495